000 00636nam a2200253Ia 4500
003 OSt
005 20221005101054.0
006 a|||||r|||| 00| 0
007 ta
008 221004b |||||||| |||| 00| 0 eng d
024 _a51967
037 _cTextual
040 _aCRL
_cCRL
_beng
041 _2eng
_aeng
082 _aR3xJ96:g, M5
100 _aGrene Marjorie
245 0 _aDescartes
260 _aSussex
_bHarvester
_c1985
300 _a226p
_ccm.
490 _aPhilosophers in context; 5
650 _aPHILOSOPHY
942 _hR3xJ96:g, M5
_cTEXL
_2cc
999 _c1006161
_d1006161